WWE WrestleMania 32 Match Card - Statistics

General Stats
  • This quiz has been taken 32 times
  • The average score is 48 of 62
Answer Stats
Match type Wrestler % Correct
No Holds Barred Street Fight Brock Lesnar
100%
No Holds Barred Street Fight Dean Ambrose
100%
Ladder The Miz
100%
Hell in a Cell The Undertaker
100%
Ladder Zack Ryder
100%
Triple threat Becky Lynch
96%
Triple threat Charlotte
96%
Singles Roman Reigns
96%
Triple threat Sasha Banks
96%
Hell in a Cell Shane McMahon
96%
Singles Triple H
96%
Six-man tag team Alberto Del Rio
91%
Six-man tag team Big E
91%
Tag team Jey Uso
91%
Tag team Jimmy Uso
91%
Ladder Kevin Owens
91%
Six-man tag team Kofi Kingston
91%
Six-man tag team Rusev
91%
Ladder Sami Zayn
91%
Six-man tag team Sheamus
91%
Six-man tag team Xavier Woods
91%
André the Giant Memorial Battle Royal Baron Corbin
87%
Ten-woman tag team Brie Bella
87%
André the Giant Memorial Battle Royal Shaquille O'Neal
87%
Ladder Stardust
87%
André the Giant Memorial Battle Royal Big Show
83%
Ladder Dolph Ziggler
83%
Singles Erick Rowan
83%
Singles Kalisto
83%
André the Giant Memorial Battle Royal Kane
83%
Ten-woman tag team Naomi
83%
Ten-woman tag team Paige
83%
Ladder Sin Cara
83%
Singles The Rock
83%
Singles AJ Styles
78%
Ten-woman tag team Natalya
78%
Ten-woman tag team Tamina
78%
Ten-woman tag team Alicia Fox
74%
Singles Chris Jericho
74%
Ten-woman tag team Eva Marie
74%
Tag team Bubba Ray Dudley
70%
Tag team D-Von Dudley
70%
Singles Ryback
70%
André the Giant Memorial Battle Royal Goldust
65%
André the Giant Memorial Battle Royal Mark Henry
65%
André the Giant Memorial Battle Royal Bo Dallas
61%
André the Giant Memorial Battle Royal Curtis Axel
61%
Ten-woman tag team Emma
61%
Ten-woman tag team Lana
61%
Ten-woman tag team Summer Rae
61%
André the Giant Memorial Battle Royal Darren Young
57%
André the Giant Memorial Battle Royal Heath Slater
57%
André the Giant Memorial Battle Royal Konnor
57%
André the Giant Memorial Battle Royal R-Truth
57%
André the Giant Memorial Battle Royal Viktor
57%
André the Giant Memorial Battle Royal Damien Sandow
48%
André the Giant Memorial Battle Royal Diamond Dallas Page
48%
André the Giant Memorial Battle Royal Tatanka
48%
André the Giant Memorial Battle Royal Adam Rose
43%
André the Giant Memorial Battle Royal Fandango
43%
André the Giant Memorial Battle Royal Tyler Breeze
43%
André the Giant Memorial Battle Royal Jack Swagger
39%
No matching quizzes found
Score Distribution
Percent of People with Each Score
Percentile by Number Answered
Your Score History
You have not taken this quiz